000
00226 a2200097 4500
001
31597
100
_a
Seddon J
245
_a
Basic Helicopter Aerodynamic
260
_a
London
_b
Blackwell Science
_c
1996
090
_c
21445
_d
21445
942
_a
NUST-CAE
_c
M
_c
12720
999
_c
266670
_d
266670